000 00333nam a2200145 i 4500
001 bgj
100 1 _aRILKE, Reiner Maria.
245 0 0 _aDie Gedichte /
_cReiner Maria Rilke.
650 9 _aPoezja niemiecka
040 _cBPK
041 _ager
080 _a821.112.2-1
942 _cKS
008 s gw f |000 0 ger
999 _c49492
_d49492
856 _uhttp://koha.tu.koszalin.pl/cgi-bin/koha/opac-detail.pl?biblionumber=49492
_yKatalog online BPK